000 00926nmm a2200277 a 4500
001 ocm0001411629
003 TR-IsHL
005 20201028164249.0
008 160220s2013 tu tur
007 cr cn
020 _a9786051315119
035 _a1411629
_b(N$T)
050 0 4 _aBP75.5.
_bS49 2013
090 0 4 _aBP75.5.
_bS49 2013
100 1 _aSeyyar, Ali
245 1 0 _aSahabenin varlıkla imtihanı: Zengin sahabiler
_h[electronic resource] /
_cAli Seyyar
260 _aİstanbul :
_bNesil Yayınları,
_c2013
300 _a344 p.
500 _aKaynakça var.
_x
650 4 _aFelsefe, Psikoloji ve Din
650 4 _aPhilosophy, Psychology and Religion
650 0 _aHz. Muhammed (s.a.v.)
_x Sahabeler
650 0 _aMuhammad, Prophet
_x Companions
650 7 _aRELIGION / Islam / History
_2bisacsh
856 4 0 _uhttp://search.ebscohost.com/login.aspx?direct=true&scope=site&db=e011xww&AN=1411629
999 _c15564
_d15564